书目信息 |
| 题名: |
意大利古建筑散记
|
|
| 作者: | 陈志华 著 | |
| 分册: | ||
| 出版信息: | 合肥 安徽教育出版社 2003.9 |
|
| 页数: | 399, [13]页 | |
| 开本: | 25cm | |
| 丛书名: | ||
| 单 册: | ||
| 中图分类: | TU-095.46 | |
| 科图分类: | ||
| 主题词: | 古建筑--简介--意大利 | |
| 电子资源: | ||
| ISBN: | 7-5336-3447-0 | |
| 000 | 00716nam0 2200229 45 | |
| 001 | 012004000000 | |
| 005 | 20041020111244.69 | |
| 010 | @a7-5336-3447-0@dCNY 78.00 | |
| 100 | @a20040918d2003 em y0chiy0121 ea | |
| 101 | 0 | @achi |
| 102 | @aCN@b340000 | |
| 105 | @aa z 000yy | |
| 200 | 1 | @a意大利古建筑散记@Ayi da li gu jian zhu san ji@dFaggio full's architettura italiana@f陈志华著@zeng |
| 210 | @a合肥@c安徽教育出版社@d2003.9 | |
| 215 | @a399, [13]页@c图@d25cm | |
| 320 | @a本书含附录 | |
| 510 | 1 | @aFaggio full's architettura italiana@zeng |
| 606 | 0 | @a古建筑@x简介@y意大利 |
| 690 | @aTU-095.46@v4 | |
| 701 | 0 | @a陈志华@Achen zhi hua@4著 |
| 801 | 0 | @aCN@bQSSKxf@c20041020 |
| 905 | @a10447@dTU-095.46@eC650 | |
| 意大利古建筑散记=Faggio full's architettura italiana/陈志华著.-合肥:安徽教育出版社,2003.9 |
| 399, [13]页:图;25cm |
| ISBN 7-5336-3447-0:CNY 78.00 |
| ● |
| 相关链接 |
|
|
|
正题名:意大利古建筑散记
索取号:TU-095.46/C650
 
预约/预借
| 序号 | 登录号 | 条形码 | 馆藏地/架位号 | 状态 | 备注 |
| 1 | 421663 | 204216632 | 建筑库101/101建筑库 8排3列4层/ [索取号:TU-095.46/C650] | 在馆 | |
| 2 | 421664 | 204216641 | 建筑库101/101建筑库 8排3列4层/ [索取号:TU-095.46/C650] | 在馆 |